Southville International School and Colleges
Your cart is empty.
  • Cart
  • Lists
    Public lists list_1 View all
    Your lists Log in to create your own lists
  • Log in to your account
  • Your cookies
  • Search history
Southville International School and Colleges
  • Advanced search
  • Recent comments
  • Most popular
  • Libraries

Log in to your account

Log in with GOOGLE


If you do not have an external account, but do have a local account, you can still log in:

  1. Home
  2. MARC view: Junie B. Jones is (almost) a flower girl /
Normal view MARC view ISBD view

Junie B. Jones is (almost) a flower girl / (Record no. 360092)

[ view plain ]
MARC details
000 -LEADER
fixed length control field 00657nam a2200265Ia 4500
008 - FIXED-LENGTH DATA ELEMENTS--GENERAL INFORMATION
fixed length control field 181129s9999 xx 000 0 und d
020 ## - INTERNATIONAL STANDARD BOOK NUMBER
International Standard Book Number 0439135036
050 ## - LIBRARY OF CONGRESS CALL NUMBER
Item number P235 1999
100 ## - MAIN ENTRY--PERSONAL NAME
Personal name Park, Barbara
245 #0 - TITLE STATEMENT
Title Junie B. Jones is (almost) a flower girl /
245 #0 - TITLE STATEMENT
Statement of responsibility, etc by Barbara Park ; illustrated by Denise Brunkus.
260 ## - PUBLICATION, DISTRIBUTION, ETC. (IMPRINT)
Place of publication, distribution, etc New York, NY :
260 ## - PUBLICATION, DISTRIBUTION, ETC. (IMPRINT)
Name of publisher, distributor, etc Scholastic,
260 ## - PUBLICATION, DISTRIBUTION, ETC. (IMPRINT)
Date of publication, distribution, etc 1999
300 ## - PHYSICAL DESCRIPTION
Extent 68 pages :
300 ## - PHYSICAL DESCRIPTION
Other physical details illustrations ;
300 ## - PHYSICAL DESCRIPTION
Dimensions 19cm.
440 ## - SERIES STATEMENT/ADDED ENTRY--TITLE
Title Junie B. Jones ;
440 ## - SERIES STATEMENT/ADDED ENTRY--TITLE
Volume number/sequential designation 13
500 ## - GENERAL NOTE
General note 380L
650 ## - SUBJECT ADDED ENTRY--TOPICAL TERM
Topical term or geographic name as entry element Weddings.
700 ## - ADDED ENTRY--PERSONAL NAME
Personal name Brunkus, Denise.
700 ## - ADDED ENTRY--PERSONAL NAME
Personal name Series.
700 ## - ADDED ENTRY--PERSONAL NAME
Personal name Title.
Holdings
Withdrawn status Lost status Damaged status Home library Current library Shelving location Date acquired Total Checkouts Full call number Barcode Date last seen Price effective from Koha item type
      Stonyhurst Southville International School (Malarayat) Stonyhurst Southville International School (Malarayat)   11/29/2018   GS FIC P235 1999 SSISM5886 11/29/2018 11/29/2018 Books

Junie B. Jones is (almost) a flower girl /

APA

Park B., Brunkus D., Series & Title.Junie B. Jones is (almost) a flower girl. New York, NY: .

Chicago

Park Barbara, Brunkus Denise, Series and Title.Junie B. Jones is (almost) a flower girl. New York, NY: .

Harvard

Park B., Brunkus D., Series and Title.Junie B. Jones is (almost) a flower girl. New York, NY: .

MLA

Park Barbara, Brunkus Denise, Series and Title.New York, NY: . .

  • Place hold
  • Print
  • Cite
  • Add to your cart (remove)
  • Save record
    BIBTEX Dublin Core MARCXML MARC (non-Unicode/MARC-8) MARC (Unicode/UTF-8) MARC (Unicode/UTF-8, Standard) MODS (XML) RIS
  • More searches
    Search for this title in:
    Other Libraries (WorldCat) Other Databases (Google Scholar) Online Stores (Bookfinder.com) Open Library (openlibrary.org)

Exporting to Dublin Core...

SOUTHVILLE LIBRARY

Southville International School and Colleges Library

1281 Tropical Ave. Cor. Luxembourg St., BF Homes International, Las Pinas City

Tel. No. 8256374 / 252358 Loc. 117/146

Powered by Koha